| 000 | 02195nam a2200265 a 4500 | ||
|---|---|---|---|
| 001 | ASIN0415213584 | ||
| 005 | 20170105102910.0 | ||
| 008 | 131025s2000 xxu eng d | ||
| 020 |
_a0415213584 (paperback) _c$48.95 |
||
| 020 | _a9788175969254 (paperback) | ||
| 040 | _aa | ||
| 050 | 0 | 4 | _aQ130 |
| 082 | 0 | 4 |
_a500.82 _bGEN 2012 |
| 245 | 0 | 4 |
_agender and science / _cedited by Neelam Kumar _bstudies in culture |
| 250 | _a1st ed. | ||
| 260 |
_a[S.l.] : _bFoundation books, _c2012 |
||
| 300 |
_a528 p. ; _c25 cm. |
||
| 520 | _aThe Gender and Science Reader brings together key writings by leading scholars to provide a comprehensive feminist analysis of the nature and practice of science. Challenging the self-proclaimed objectivity of scientific practice, the contributors uncover the gender, class and racial prejudices of modern science. The Reader draws from a range of media, including feminist criticism, scientific literature, writings about scientific education, and the popular press. Articles are grouped into six thematic sections which address: * Women in Science - women's access to study and employment in science, combining both analytical evidence and personal testimonies * Creating Andocentric Science - exploring the gendered origins of science at the time of the Enlightenment * Analyzing Gendered Science - feminist methodologies and epistemology for the study of science * Gendered Praxis - examples of how gender bias can affect and distort scientific work * Science and Identity - how science reinforces gender and racial stereotypes * Feminist Re-Structuring of Science - what is the future of feminist science studies? In addition to a general introduction by the editors to the volume, and introductions to each of the thematic sections, the Reader also includes a comprehensive bibliography of feminist science studies, making it an indispensible resource for anyone involved in the teaching, research or study of science. | ||
| 650 | 0 | _aFeminism | |
| 650 | 0 | _aWomen in science | |
| 700 | 1 | _aBartsch, Ingrid. | |
| 700 | 1 | _aLederman, Muriel. | |
| 856 | 4 | 0 |
_3Amazon.com _uhttp://www.amazon.com/exec/obidos/ASIN/0415213584/chopaconline-20 |
| 942 |
_2ddc _cBK |
||
| 999 |
_c15065 _d15065 |
||